<?xml version="1.0" encoding="UTF-8"?>
<record
    xmlns:xsi="http://www.w3.org/2001/XMLSchema-instance"
    xsi:schemaLocation="http://www.loc.gov/MARC21/slim http://www.loc.gov/standards/marcxml/schema/MARC21slim.xsd"
    xmlns="http://www.loc.gov/MARC21/slim">

  <leader>01405nam a22002537a 4500</leader>
  <controlfield tag="003">OSt</controlfield>
  <controlfield tag="005">20240712150358.0</controlfield>
  <controlfield tag="008">240209t2022    ck a   er     000 j spa d</controlfield>
  <datafield tag="020" ind1=" " ind2=" ">
    <subfield code="a">9789585125421</subfield>
  </datafield>
  <datafield tag="037" ind1=" " ind2=" ">
    <subfield code="3">Donaci&#xF3;n</subfield>
  </datafield>
  <datafield tag="040" ind1=" " ind2=" ">
    <subfield code="a">CO-JMCR</subfield>
    <subfield code="c">CO-JMCR</subfield>
    <subfield code="d">CO-JMCR</subfield>
    <subfield code="e">rda</subfield>
  </datafield>
  <datafield tag="041" ind1="0" ind2=" ">
    <subfield code="a">spa</subfield>
  </datafield>
  <datafield tag="082" ind1="0" ind2="4">
    <subfield code="a">923.946</subfield>
    <subfield code="b">A67 </subfield>
  </datafield>
  <datafield tag="100" ind1="1" ind2=" ">
    <subfield code="a">Arciniegas, Germ&#xE1;n, </subfield>
    <subfield code="d">1900-1999</subfield>
    <subfield code="e">autor</subfield>
    <subfield code="9">14028</subfield>
  </datafield>
  <datafield tag="245" ind1="1" ind2="3">
    <subfield code="a">El caballero de el dorado / </subfield>
    <subfield code="c">Germ&#xE1;n Arciniegas</subfield>
  </datafield>
  <datafield tag="260" ind1=" " ind2=" ">
    <subfield code="a">Bogot&#xE1; :</subfield>
    <subfield code="b">Secretar&#xED;a Distrit&#xE1;l de Recreaci&#xF3;n y Deporte , </subfield>
    <subfield code="c">&#xA9;2022</subfield>
  </datafield>
  <datafield tag="300" ind1=" " ind2=" ">
    <subfield code="a">264 p&#xE1;ginas : </subfield>
    <subfield code="b">Ilustraciones a blanco y negro ;</subfield>
    <subfield code="c">23 cm.</subfield>
  </datafield>
  <datafield tag="490" ind1=" " ind2=" ">
    <subfield code="a">Leer para la vida </subfield>
  </datafield>
  <datafield tag="500" ind1=" " ind2=" ">
    <subfield code="a">Incluye datos biogr&#xE1;ficos sobre el autor. </subfield>
  </datafield>
  <datafield tag="520" ind1="3" ind2=" ">
    <subfield code="a">Es indudable que Cervantes se inspir&#xF3; en la vida del licenciado don Gonzalo Jim&#xE9;nez de Quesada para escribir su Don Quijote&#xBB;, esta es la tesis expuesta en este libro, o sea, la delicada cuesti&#xF3;n del quijotismo americano y la lectura po&#xE9;tica de la historia que supone. El caballero de El Dorado pretende glorificar a la vez la gente com&#xFA;n y la indoamericanidad. Arciniegas confes&#xF3; que su aspiraci&#xF3;n era incitar a sus contempor&#xE1;neos a escribir la &#xAB;historia natural&#xBB; de los americanos y no su &#xAB;historia pol&#xED;tica".</subfield>
  </datafield>
  <datafield tag="650" ind1="1" ind2="4">
    <subfield code="2">JMCR</subfield>
    <subfield code="a">Exploradores</subfield>
    <subfield code="v">Biograf&#xED;as</subfield>
    <subfield code="y">Siglo XVI</subfield>
    <subfield code="z">Espa&#xF1;a</subfield>
    <subfield code="9">43347</subfield>
  </datafield>
  <datafield tag="650" ind1="2" ind2="4">
    <subfield code="2">JMCR</subfield>
    <subfield code="a">Conquistadores</subfield>
    <subfield code="v">Biograf&#xED;as</subfield>
    <subfield code="y">Siglo XVI</subfield>
    <subfield code="z">Espa&#xF1;a</subfield>
    <subfield code="9">43348</subfield>
  </datafield>
  <datafield tag="942" ind1=" " ind2=" ">
    <subfield code="2">ddc</subfield>
    <subfield code="c">BK</subfield>
  </datafield>
  <datafield tag="999" ind1=" " ind2=" ">
    <subfield code="c">30552</subfield>
    <subfield code="d">16936</subfield>
  </datafield>
  <datafield tag="952" ind1=" " ind2=" ">
    <subfield code="0">0</subfield>
    <subfield code="1">0</subfield>
    <subfield code="4">0</subfield>
    <subfield code="7">0</subfield>
    <subfield code="a">CPL</subfield>
    <subfield code="b">CPL</subfield>
    <subfield code="c">GEN</subfield>
    <subfield code="d">2023-11-30</subfield>
    <subfield code="e">Donaci&#xF3;n</subfield>
    <subfield code="l">1</subfield>
    <subfield code="o">923.946 A67 </subfield>
    <subfield code="p">201812154</subfield>
    <subfield code="r">2024-07-22 15:52:32</subfield>
    <subfield code="s">2024-07-22</subfield>
    <subfield code="t">Ej.1</subfield>
    <subfield code="w">2024-02-09</subfield>
    <subfield code="y">BK</subfield>
  </datafield>
</record>
